Doručovanie dokumentov do registra účtovných závierok za rok 2018

Register účtovných závierok je informačným systémom verejnej správy, správcom ktorého je Ministerstvo financií SR. Prevádzkovateľom registra je rozpočtová organizácia ministerstva DataCentrum (www.registeruz.sk;).

Gespeichert in:
Bibliographische Detailangaben
1. Verfasser: Novotná, Ľudmila
Format: Buchkapitel
Sprache:Slowakisch
Schlagworte:
Tags: Tag hinzufügen
Keine Tags, Fügen Sie das erste Tag hinzu!

MARC

LEADER 00000naa a2200000 4500
001 0252052
005 20190318084437.6
041 0 |a slo 
044 |a SK 
245 1 0 |a Doručovanie dokumentov do registra účtovných závierok za rok 2018  |c Ľudmila Novotná 
520 |a Register účtovných závierok je informačným systémom verejnej správy, správcom ktorého je Ministerstvo financií SR. Prevádzkovateľom registra je rozpočtová organizácia ministerstva DataCentrum (www.registeruz.sk;). 
610 2 0 |a závierka účtovná 
610 2 0 |a registre 
610 2 0 |a Slovensko 
610 2 0 |a správa verejná 
610 2 0 |a systémy informačné 
610 2 0 |a dokumenty elektronické 
610 2 0 |a informácie účtovné 
100 1 |a Novotná, Ľudmila